[Event "Ptuj"]
[Site "Ptuj"]
[Date "1989.??.??"]
[Round "6"]
[White "Zysk, Robert"]
[Black "Rajkovic, Dusan"]
[Result "1/2-1/2"]
[WhiteElo "2455"]
[BlackElo "2500"]

1.d4 Nf6 2.Nf3 e6 3.c4 b6 4.Nc3 Bb4 5.e3 Bb7 6.Bd3 c5 7.O-O cxd4 8.exd4 O-O
9.Bg5 h6 10.Bh4 Be7 11.Qe2 d6 12.Rad1 Nbd7 13.Bb1 Rc8 14.Ne5 Re8 15.Nxd7 Nxd7
16.Bxe7 Qxe7 17.d5 exd5 18.Qxe7 Rxe7 19.Nxd5 Bxd5 20.Rxd5 Rxc4 21.Rxd6 Kf8
22.Rfd1 Nf6 23.Kf1 Rcc7 24.Rd8+ Re8 25.Rxe8+  1/2-1/2

[Event "NOR-ch"]
[Site "Randaberg"]
[Date "1989.??.??"]
[Round "?"]
[White "Gausel, Einar"]
[Black "Agdestein, Simen"]
[Result "0-1"]
[WhiteElo "2375"]
[BlackElo "2605"]

1.d4 e6 2.c4 Nf6 3.Nf3 b6 4.Nc3 Bb7 5.Bg5 h6 6.Bh4 d6 7.d5 g5 8.Bg3 Nh5 9.e4 Nxg3
10.hxg3 Bg7 11.Qc2 Nd7 12.O-O-O a6 13.Nd4 Qf6 14.Kb1 O-O 15.f4 gxf4 16.dxe6 fxe6
17.gxf4 Nc5 18.f5 Rae8 19.Nxe6 Nxe6 20.fxe6 Qxe6 21.Bd3 c6 22.Rdf1 b5 23.Ne2 Qe5
24.g3 bxc4 25.Bxc4+ d5 26.Bd3 dxe4 27.Bc4+ Kh7 28.Rxf8 Rxf8 29.Nf4 Bc8 30.Re1 Bf5
31.g4 Bxg4 32.Rxe4 Bf5 33.Bd3 Qd6 34.Rd4 Qe5 35.Rc4 Kg8 36.Bxf5 Rxf5 37.Re4 Qb8
38.Qc4+ Kh7 39.Re2 Rxf4 40.Qd3+ Kh8 41.Qg6 Rf1+  0-1

[Event "Slupsk"]
[Site "Slupsk"]
[Date "1989.??.??"]
[Round "4"]
[White "Czerwonski, Aleksander"]
[Black "Kozlowski, Waldemar"]
[Result "1/2-1/2"]
[WhiteElo "2335"]
[BlackElo "2315"]

1.d4 Nf6 2.c4 e6 3.Nf3 b6 4.Nc3 Bb4 5.Bg5 Bb7 6.e3 h6 7.Bh4 Bxc3+ 8.bxc3 d6
9.Nd2 g5 10.Bg3 Nbd7 11.f3 Qe7 12.Bd3 Nh5 13.Bf2 f5 14.a4 a5 15.Rb1 O-O 16.h4 Ng7
17.hxg5 hxg5 18.c5 dxc5 19.Bb5 Nf6 20.Ke2 Nd5 21.Qb3 cxd4 22.cxd4 Qb4 23.Rhc1 Qxb3
24.Rxb3 Rac8 25.Bg1 Rfd8 26.Bc6 Bxc6 27.Rxc6 Kf7 28.Nc4 Nb4 29.Ne5+ Kf6 30.Rc4 c5
31.Bh2 Ne8 32.dxc5 bxc5 33.Rbc3 Nd5 34.Rc1 Nb6 35.Rxc5 Rxc5 36.Rxc5 Nxa4
37.Rxa5 Nc3+ 38.Kf2 Rd2+ 39.Kg3 Nd5 40.f4 g4 41.Bg1 Nd6 42.Ra7 Nc3 43.Nd7+ Kg7
44.Nc5+ Kh6 45.Nxe6 Nce4+ 46.Kh2 g3+ 47.Kh3 Rd1 48.Nf8 Nf6 49.Nd7 Nde4 50.Nxf6 Nxf6
51.Kxg3 Rxg1 52.Ra6 Kg7 53.Ra7+ Kg6 54.Ra6 Rb1 55.Kf2 Rb3 56.Ke2 Rb2+ 57.Kf3 Rb4
58.Ke2 Rb2+ 59.Kf3 Rd2 60.Kg3 Rd3 61.Kf3 Rd5 62.Ke2 Kf7 63.Kf3 Rd7 64.Ra5 Kg6
65.Ra6 Re7 66.Rb6 Ra7 67.Rc6 Ra5 68.Re6 Ra1 69.Rb6 Rf1+ 70.Ke2 Rh1 71.Kf3 Rh5
72.Ra6 Kf7 73.Ra7+ Ke6 74.Ra6+ Ke7 75.Ra7+ Ke8 76.Ra8+ Kd7 77.Ra7+ Kd8 78.Ra8+ Kc7
79.Ra7+ Kb6 80.Rg7 Ne4 81.g4 Rh3+ 82.Ke2 Rh2+ 83.Ke1 Rh1+ 84.Ke2  1/2-1/2

[Event "Sochi-B"]
[Site "Sochi"]
[Date "1989.??.??"]
[Round "?"]
[White "Sherbakov, Ruslan"]
[Black "Podlesnik, Bogdan"]
[Result "1-0"]
[WhiteElo "2360"]
[BlackElo "2400"]

1.d4 Nf6 2.c4 e6 3.Nf3 b6 4.Nc3 Bb7 5.a3 d5 6.cxd5 Nxd5 7.Bd2 Nd7 8.Qc2 N5f6
9.Bf4 a6 10.e4 c5 11.d5 exd5 12.exd5 Bxd5 13.O-O-O Bxf3 14.gxf3 Be7 15.Nd5 O-O
16.Bh3 Ra7 17.Nxe7+ Qxe7 18.Bd6 Qd8 19.Bxf8 Qxf8 20.Bxd7 Rxd7 21.Rxd7 Nxd7
22.Rd1 Ne5 23.Qe4 f6 24.f4 Ng6 25.Qe6+ Kh8 26.Qxb6 Qe7 27.Qd8+ Qf8 28.f5  1-0

[Event "St Ingbert op"]
[Site "St Ingbert"]
[Date "1989.??.??"]
[Round "4"]
[White "Gausel, Einar"]
[Black "Gola, Martin"]
[Result "1-0"]
[WhiteElo "2375"]
[BlackElo "2375"]

1.d4 Nf6 2.c4 e6 3.Nf3 b6 4.Nc3 Bb7 5.Bg5 h6 6.Bh4 Be7 7.e3 O-O 8.Bd3 c5
9.O-O cxd4 10.exd4 d5 11.cxd5 Nxd5 12.Bg3 Nd7 13.Re1 a6 14.Rc1 Nxc3 15.bxc3 Ba3
16.Rb1 Re8 17.c4 Bf8 18.Ne5 Nxe5 19.Bxe5 Bd6 20.Qg4 Bxe5 21.Rxe5 Bc6 22.h4 b5
23.Rbe1 bxc4 24.Bxc4 Qf6 25.R1e3 Bb5 26.Rf3 Qe7 27.Rg3 Qf6 28.Bb3 Bc6 29.f4 Bd5
30.Bxd5 exd5 31.Kh2 Re6 32.h5 Kf8 33.Rxd5 Rae8 34.Re5 Rd8 35.Rd3 Red6 36.Rf5 Qe7
37.Rg3 f6 38.Qg6 Qf7 39.Qh7 Qg8 40.Qxg8+ Kxg8 41.Ra5 Rd5 42.Rxa6 Rxh5+ 43.Kg1 Rxd4
44.Ra8+ Kf7 45.Ra7+ Ke6 46.Rgxg7 Rxf4 47.Ra6+  1-0

[Event "SWE-ch"]
[Site "?"]
[Date "1989.??.??"]
[Round "?"]
[White "Sandstrom, Ludvig"]
[Black "Schneider, Lars Ake"]
[Result "1/2-1/2"]
[WhiteElo "2320"]
[BlackElo "2460"]

1.d4 Nf6 2.Nf3 e6 3.c4 b6 4.Nc3 Bb7 5.a3 d5 6.cxd5 exd5 7.Qa4+ c6 8.Bg5 Be7
9.e3 O-O 10.Bd3 Ne4 11.Bxe4 Bxg5 12.Bd3 Bf6 13.O-O Nd7 14.Rad1 g6 15.e4 Bg7
16.exd5 cxd5 17.Rfe1 a6 18.Qb3 Nf6 19.Na4 Bc6 20.Ne5 Bxa4 21.Qxa4 b5 22.Qb3 Qd6
23.Bb1 Nd7 24.Nxd7 Qxd7 25.Ba2 Rae8 26.Qxd5  1/2-1/2

[Event "Tallinn-B"]
[Site "Tallinn"]
[Date "1989.??.??"]
[Round "?"]
[White "Karner, Hillar"]
[Black "Hermlin, Aarne"]
[Result "1-0"]
[WhiteElo "2365"]
[BlackElo "2375"]

1.Nf3 Nf6 2.c4 e6 3.d4 b6 4.Nc3 Bb7 5.a3 d5 6.Bg5 Be7 7.cxd5 Nxd5 8.Qa4+ Qd7
9.Qc2 Bxg5 10.Nxg5 Qe7 11.Nge4 O-O 12.e3 Nd7 13.Bd3 N5f6 14.O-O h6 15.Rad1 c5
16.dxc5 Nxc5 17.Nxf6+ Qxf6 18.Bh7+ Kh8 19.b4 Na6 20.Be4 Qe7 21.Qa4 Rfd8 22.Bxb7 Qxb7
23.Nb5 f6 24.Rd6 Rxd6 25.Nxd6 Qe7 26.Rd1 Nc7 27.Qc6 Kg8 28.Nb7 Nd5 29.e4 Nf4
30.Rd7 Qf8 31.Qc7 e5 32.Nd8 a5 33.Rf7 Rxd8 34.Rxf8+ Rxf8 35.g3 Ne2+ 36.Kf1 Nd4
37.bxa5 bxa5 38.Qxa5 Rb8 39.a4 Rb1+ 40.Kg2 Kh7 41.h4 h5 42.Qc3 Rb3 43.Qa1 Rb6
44.f4 Rc6 45.Qd1 Rc2+ 46.Kh3 Kh6 47.fxe5 fxe5 48.a5 Ra2 49.Qb1 Rf2 50.a6  1-0

[Event "Tarrassa"]
[Site "Tarrassa"]
[Date "1989.??.??"]
[Round "?"]
[White "Bellon Lopez, Juan Manuel"]
[Black "Vehi Bach, Victor Manuel"]
[Result "1-0"]
[WhiteElo "2470"]
[BlackElo "2360"]

1.d4 Nf6 2.c4 e6 3.Nf3 b6 4.Nc3 Bb7 5.Bg5 h6 6.Bh4 Be7 7.Qc2 c5 8.Rd1 cxd4
9.Nxd4 a6 10.e4 Qc7 11.Be2 d6 12.O-O Nbd7 13.f3 Rc8 14.Bf2 O-O 15.Rc1 Rfe8
16.b4 d5 17.cxd5 exd5 18.Qb1 Qe5 19.exd5 Bd6 20.f4 Qxf4 21.g3 Qg5 22.h4 Qg6
23.Qxg6 fxg6 24.b5 axb5 25.Bxb5 Re7 26.Nc6 Rf7 27.Rfe1 Nc5 28.Kg2 Nxd5 29.Nxd5 Bxc6
30.Bxc6 Rxc6 31.Rc2 Kh7 32.Rb1 Rb7 33.a4 Bf8 34.Rb5 Re6 35.Bxc5  1-0

[Event "URS-ch U26"]
[Site "Tbilisi"]
[Date "1989.??.??"]
[Round "?"]
[White "Anastasian, Ashot"]
[Black "Dautov, Rustem"]
[Result "1/2-1/2"]
[WhiteElo "2475"]
[BlackElo "2535"]

1.d4 Nf6 2.c4 e6 3.Nf3 b6 4.Nc3 Bb7 5.a3 d5 6.cxd5 Nxd5 7.Qc2 Nxc3 8.bxc3 c5
9.e3 Nd7 10.Bd3 Qc7 11.Qb1 Be7 12.O-O h6 13.a4 O-O 14.Bd2 Bxf3 15.gxf3 e5
16.d5 c4 17.Be2 Nf6 18.Qb5 Rac8 19.Rfd1 Ne8 20.a5 Nd6 21.axb6 axb6 22.Qb1 Ra8
23.e4 Bg5 24.Rxa8 Rxa8 25.f4 Bxf4 26.Bxf4 exf4 27.e5 Qe7 28.e6 b5 29.Bf3 Ra3
30.Qb4 Rb3 31.Qa5 b4 32.Re1 bxc3 33.Bd1 Rb8 34.Qxc3 Qg5+ 35.Kh1 Qxd5+ 36.Bf3 Qc5
37.Rg1 Nf5 38.Be4 Nd4 39.exf7+ Kxf7 40.Rd1 Rd8 41.Rc1 Ne6 42.f3 Kf8 43.Rg1 Rd7
44.Bg6 Rd8 45.Be4 Ng5 46.h4 Ne6 47.Kg2 Rd4 48.Ra1 Kf7 49.Ra5 Qd6 50.Rf5+ Kg8
51.Qa5 Rd2+ 52.Kh3 Nc7 53.Qc5 Qxc5 54.Rxc5 Ne6 55.Bd5 Kf7 56.Bxc4 Rd6 57.Rf5+ Kg6
58.Bxe6 Rxe6 59.Rxf4  1/2-1/2

[Event "URS-ch U26"]
[Site "Tbilisi"]
[Date "1989.??.??"]
[Round "?"]
[White "Giorgadze, Giorgi"]
[Black "Anastasian, Ashot"]
[Result "0-1"]
[WhiteElo "2440"]
[BlackElo "2475"]

1.d4 Nf6 2.c4 e6 3.Nf3 b6 4.Nc3 Bb7 5.a3 d5 6.cxd5 Nxd5 7.Qc2 Be7 8.e4 Nxc3
9.bxc3 O-O 10.c4 Nd7 11.Bd3 e5 12.Nxe5 Nxe5 13.dxe5 Bc5 14.Bb2 Qe7 15.O-O Rad8
16.Rfe1 Rd7 17.Bf1 Rfd8 18.Bc3 a5 19.Qb2 Bc6 20.g3 Qg5 21.Qc1 Qxc1 22.Rexc1 Bxe4
23.Bh3 Rd3 24.Bf1 Rxc3 25.Rxc3 Rd2 26.Re3 Bxe3 27.fxe3 Kf8 28.c5 b5 29.Bxb5 Rg2+
30.Kf1 Rxh2 31.Re1 Ke7 32.Re2 Rh1+ 33.Kf2 Rc1 34.c6 Ke6 35.Rb2 Kxe5 36.Ba4 Rc3
37.Rb5+ Kd6 38.Rxa5 Rxa3 39.Ra8 Ke5 40.Ra5+ Kd6  0-1

[Event "Tel Aviv-A"]
[Site "Tel Aviv"]
[Date "1989.??.??"]
[Round "5"]
[White "Flear, Glenn C"]
[Black "Shvidler, Eliahu"]
[Result "0-1"]
[WhiteElo "2500"]
[BlackElo "2410"]

1.d4 Nf6 2.c4 e6 3.Nf3 b6 4.Nc3 Bb7 5.Qc2 c5 6.dxc5 bxc5 7.Bg5 h6 8.Bh4 Be7
9.Rd1 O-O 10.e3 Nh5 11.Bxe7 Qxe7 12.Be2 Nf6 13.O-O Rd8 14.Qb3 d6 15.Rd2 Ne4
16.Nxe4 Bxe4 17.Rfd1 Nc6 18.Qc3 a5 19.Ne1 a4 20.Bd3 Bxd3 21.Nxd3 Rab8 22.h3 Qf6
23.Qc2 Nb4 24.Nxb4 Rxb4 25.b3 axb3 26.axb3 Qe5 27.Rd3 Rb6 28.Qa2 Qe4 29.Qa7 Qc6
30.Qe7 Rd7 31.Qe8+ Kh7 32.Ra1 Ra7  0-1

[Event "Vinkovci"]
[Site "Vinkovci"]
[Date "1989.??.??"]
[Round "?"]
[White "Kozul, Zdenko"]
[Black "Marinelli, Tullio"]
[Result "1-0"]
[WhiteElo "2560"]
[BlackElo "2375"]

1.d4 Nf6 2.c4 e6 3.Nf3 b6 4.Nc3 Bb4 5.Qc2 Bb7 6.a3 Bxc3+ 7.Qxc3 d6 8.e3 Nbd7
9.Bd3 Ne4 10.Qc2 f5 11.b4 O-O 12.Bb2 Qe7 13.O-O Ng5 14.Nxg5 Qxg5 15.f4 Qg6
16.d5 Nf6 17.Rf3 Qe8 18.Rg3 Nh5 19.Qc3 Rf6 20.Rh3 exd5 21.cxd5 Bxd5 22.Bc4 c6
23.Bxd5+ cxd5 24.Qd4 Kh8 25.Qxd5 Rf8 26.Rc1 Qg6 27.Rxh5 Qxh5 28.Rc7 Qg6 29.Qb7 Rfe8
30.Bxg7+ Kg8 31.Bd4  1-0

[Event "Voroshilovgrad op"]
[Site "Voroshilovgrad"]
[Date "1989.??.??"]
[Round "?"]
[White "Temirbaev, Serik"]
[Black "Kuzmin, Gennadi P"]
[Result "1/2-1/2"]
[WhiteElo "2390"]
[BlackElo "2495"]

1.d4 Nf6 2.c4 e6 3.Nf3 b6 4.Nc3 Bb7 5.a3 Ne4 6.Nxe4 Bxe4 7.e3 Be7 8.Bd3 Bxd3
9.Qxd3 O-O 10.O-O d6 11.b4 Nd7 12.Bb2 Qc8 13.Rfd1 Qb7 14.e4 Rad8 15.Qe2 Rfe8
16.h3 Qa6 17.Qc2 h6 18.a4 Qb7 19.Re1 Bf8 20.a5 d5 21.exd5 exd5 22.Rxe8 Rxe8
23.axb6 axb6 24.c5 bxc5 25.bxc5 Nb8 26.Bc1 Nc6 27.Be3 Ra8  1/2-1/2

[Event "Warsaw op"]
[Site "Warsaw"]
[Date "1989.??.??"]
[Round "?"]
[White "Giorgadze, Giorgi"]
[Black "Romanishin, Oleg M"]
[Result "1/2-1/2"]
[WhiteElo "2440"]
[BlackElo "2555"]

1.d4 Nf6 2.c4 e6 3.Nf3 b6 4.Nc3 Bb7 5.Bg5 Bb4 6.Qc2 Qe7 7.e3 a5 8.Bd3 Bxc3+
9.Qxc3 Qb4 10.Rc1 d6 11.O-O Qxc3 12.Rxc3 Nbd7 13.Nd2 h6 14.Bxf6 Nxf6 15.Be2 Ke7
16.Bf3 Bxf3 17.Nxf3 Ne4 18.Rc2 c5 19.Rfc1 Rhc8 20.Kf1 Rc7 21.Ke2 Rac8 22.b3 f5
23.Nd2 Nf6 24.Nb1 a4 25.Nc3 axb3 26.axb3 Ra7 27.Ra2 Rxa2+ 28.Nxa2 Ra8 29.Rc2 Ra3
30.Nc1 Ra1 31.f3 e5 32.dxe5 dxe5 33.Kd2 e4 34.Ra2 Rxa2+ 35.Nxa2 exf3 36.gxf3 g5
37.Ke2 Kd6 38.Nc3 h5 39.Kf2 h4 40.h3 Ke5 41.Na4 Nd7 42.Nc3 Nf6 43.Na4 Nd7
44.Nc3  1/2-1/2

[Event "Warsaw op"]
[Site "Warsaw"]
[Date "1989.??.??"]
[Round "?"]
[White "Bus, Mariusz"]
[Black "Rozentalis, Eduardas"]
[Result "0-1"]
[WhiteElo "2355"]
[BlackElo "2485"]

1.d4 Nf6 2.c4 e6 3.Nf3 b6 4.Nc3 Bb7 5.a3 d5 6.cxd5 exd5 7.g3 Bd6 8.Qa4+ c6
9.Bg2 O-O 10.O-O Nbd7 11.Nh4 Re8 12.Nf5 Bf8 13.h3 Ne4 14.Nxe4 dxe4 15.Rd1 Qf6
16.Ne3 a5 17.Nd5 cxd5 18.Qxd7 Ba6 19.Qxd5 Bxe2 20.Re1 Bd3 21.Bg5 Qg6 22.Rac1 h6
23.Be3 Rad8 24.Qb7 b5 25.Rc6 Qf5 26.Rec1 a4 27.Rc7 Bd6 28.R7c3 Bc4 29.h4 Qg4
30.Bd2 f5 31.Bf1 f4 32.Bxc4+ bxc4 33.Qd5+ Kh8 34.Qxc4 fxg3 35.fxg3 Bxg3 36.Qf1 Bf4+  0-1

[Event "Warsaw op"]
[Site "Warsaw"]
[Date "1989.??.??"]
[Round "?"]
[White "Giorgadze, Giorgi"]
[Black "Szypulski, Andrzej"]
[Result "1-0"]
[WhiteElo "2440"]
[BlackElo "2390"]

1.d4 Nf6 2.c4 e6 3.Nf3 b6 4.Nc3 Bb4 5.Bg5 Bb7 6.Qc2 h6 7.Bh4 Bxc3+ 8.bxc3 d6
9.Nd2 g5 10.Bg3 Nbd7 11.f3 Qe7 12.e4 O-O-O 13.O-O-O Kb8 14.Kb2 Rc8 15.Nb3 Nh5
16.Bf2 c5 17.h4 cxd4 18.cxd4 g4 19.Qc3 gxf3 20.Qxf3 Qf6 21.Rd2 Qxf3 22.gxf3 Rhg8
23.Rg1 Ba6 24.Rc2 Rxg1 25.Bxg1 f5 26.exf5 exf5 27.Bh3 Rxc4 28.Rd2 Ndf6 29.Bxf5 Nf4
30.Bh2 N6d5 31.Be4 Kc7 32.Rd1 Kd7 33.Rg1 Rc7 34.Rg7+ Kc6 35.Rg4 Nd3+ 36.Ka1 Nf2
37.Rg6 Rd7 38.Rxh6 Bd3 39.Nd2 Rd8 40.Bg3 Nxe4 41.fxe4 Ne3 42.Kb2 b5 43.Kc3 Be2
44.d5+ Kc7 45.Nb3 Bc4 46.h5 Rd7 47.Nc5  1-0

[Event "Warsaw op"]
[Site "Warsaw"]
[Date "1989.??.??"]
[Round "?"]
[White "Piesina, Gintautas"]
[Black "Dabek, Roman"]
[Result "1-0"]
[WhiteElo "2430"]
[BlackElo "2330"]

1.d4 Nf6 2.c4 e6 3.Nf3 b6 4.Nc3 Bb4 5.Bg5 Bxc3+ 6.bxc3 Bb7 7.e3 Qe7 8.Nd2 e5
9.Bh4 h6 10.Be2 d6 11.Bf3 c6 12.Bxf6 Qxf6 13.Ne4 Qe6 14.Bg4 Qe7 15.dxe5 O-O
16.Qxd6 Qh4 17.Bf3 Rd8 18.g3 Rxd6 19.gxh4 Re6 20.O-O-O Na6 21.Rd7 Rb8 22.Rhd1 Rxe5
23.Nd6 Nc5 24.Rxf7 Re6 25.Rf4 Rd8 26.Nxb7 Rxd1+ 27.Kxd1 Nxb7 28.Bg4 Rf6 29.Rxf6 gxf6
30.Bf3 Na5 31.Kc2 Kf7 32.Kd3 Ke6 33.Bg4+ Kd6 34.Bc8 c5 35.h3 Nc6 36.Ke4 Ne5
37.Ba6 Kc6 38.Bc8 Kd6 39.Kf5 Ke7 40.Be6 Nd3 41.f4 Nf2 42.Bg8 Nd1 43.Kg6 Nxe3
44.h5 Ng2 45.f5 Nh4+ 46.Kxh6 Nxf5+ 47.Kh7 Kf8 48.Bd5 Nh4 49.Kh6 Ke7 50.Kg7 Nf5+
51.Kg8 Nh6+ 52.Kh7 Nf5 53.h6 Kf8 54.Kg6 Nh4+ 55.Kxf6  1-0

[Event "JUG-chT"]
[Site "Zlatibor"]
[Date "1989.??.??"]
[Round "?"]
[White "Miladinovic, Igor"]
[Black "Panzalovic, Srdjan"]
[Result "0-1"]
[WhiteElo "2350"]
[BlackElo "2325"]

1.d4 Nf6 2.Nf3 b6 3.c4 e6 4.Nc3 Bb4 5.g3 Bxc3+ 6.bxc3 d6 7.Bg2 Bb7 8.O-O O-O
9.Ne1 Bxg2 10.Nxg2 c5 11.Qd3 Nc6 12.e4 Rc8 13.Ba3 Na5 14.d5 Qd7 15.Ne3 Rfe8
16.f3 Qa4 17.Bc1 Nd7 18.dxe6 Rxe6 19.f4 Nf6 20.e5 dxe5 21.f5 Ree8 22.g4 Rcd8
23.Qe2 Ne4 24.g5 f6 25.Qg2 Nxg5 26.Ng4 Qc6 27.Bxg5 Qxg2+ 28.Kxg2 fxg5 29.f6 Rf8
30.fxg7 Rxf1 31.Rxf1 Nxc4 32.Re1 Kxg7 33.Re4 b5 34.a4 a6 35.axb5 axb5 36.Nf2 Rd2
37.Re1 Nb2 38.Kg1 Rxf2  0-1

[Event "JUG-chT FL"]
[Site "Arandjelovac"]
[Date "1990.??.??"]
[Round "6"]
[White "Nikcevic, Nebojsa"]
[Black "Aleksic, Nenad"]
[Result "1/2-1/2"]
[WhiteElo "2365"]
[BlackElo "2400"]

1.d4 Nf6 2.c4 e6 3.Nf3 b6 4.Nc3 Bb4 5.Qc2 Bb7 6.Bg5 Qe7 7.e3 Bxc3+ 8.Qxc3 d6
9.Bd3 Nbd7 10.O-O h6 11.Bxf6 Nxf6 12.Nd2 c5 13.e4 e5 14.d5 Nh5 15.Rfe1 O-O
16.b4 Rac8 17.a4 Nf4 18.Bf1 Rc7 19.a5 Bc8 20.bxc5 bxc5 21.a6 f5 22.g3 Ng6
23.exf5 Bxf5 24.Ne4 Bxe4 25.Rxe4 Qf6 26.Re2 Ne7 27.Bh3 Nf5 28.Bxf5 Qxf5 29.Raa2 Rcf7
30.Rab2 Qc8 31.Qa5 Qg4 32.Qa4 h5 33.Qc2 Rf4 34.h3 Qg5 35.Kh2 Rf3 36.Rb3 h4
37.Rxf3 Rxf3 38.Kg2 hxg3 39.Kxf3 g2 40.Re1 g1=Q 41.Rxg1 Qxg1 42.Qf5 Qc1  1/2-1/2

[Event "Baden-Baden op"]
[Site "Baden-Baden"]
[Date "1990.??.??"]
[Round "8"]
[White "Epishin, Vladimir"]
[Black "Farago, Ivan"]
[Result "1/2-1/2"]
[WhiteElo "2590"]
[BlackElo "2465"]

1.d4 Nf6 2.c4 e6 3.Nf3 b6 4.Nc3 Bb4 5.Bg5 h6 6.Bh4 Bb7 7.e3 Bxc3+ 8.bxc3 d6
9.Nd2 g5 10.Bg3 Qe7 11.h4 Rg8 12.hxg5 hxg5 13.Qa4+ Qd7 14.Qa3 Nc6 15.O-O-O O-O-O
16.f3 Kb8 17.e4 Rh8 18.Rxh8 Rxh8 19.c5 Nh5 20.Bh2 dxc5 21.dxc5 Nf4 22.Nc4 Qe7
23.Bg1 Rd8  1/2-1/2

[Event "Bahrain"]
[Site "Bahrain"]
[Date "1990.??.??"]
[Round "8"]
[White "Abdennabi, Imed"]
[Black "Aighasra, A."]
[Result "1-0"]
[WhiteElo "2370"]
[BlackElo "2255"]

1.d4 Nf6 2.c4 e6 3.Nf3 b6 4.Nc3 Bb7 5.a3 d5 6.Bg5 Be7 7.e3 O-O 8.Rc1 Nbd7
9.cxd5 exd5 10.Bd3 Ne4 11.Bf4 Bd6 12.Bxd6 Nxd6 13.Nb5 Nxb5 14.Bxb5 Rc8 15.O-O c5
16.Qa4 Nf6 17.dxc5 a6 18.Be2 bxc5 19.b4 Qb6 20.bxc5 Rxc5 21.Rb1 Qc7 22.Qb4 Bc8
23.Nd4 Ng4 24.Qb8 Ne5 25.Qxc7 Rxc7 26.Rfc1 Nc4 27.Bxc4 dxc4 28.Rb4 Be6 29.Nxe6 fxe6
30.Rbxc4 Rxc4 31.Rxc4 Rb8 32.h4 Rb6 33.g4 Kf7 34.Kg2 Rb3 35.Ra4 Rb6 36.Kg3 h6
37.Ra5 Kf6 38.h5 e5 39.Kh4 Rc6 40.Kh3 Rb6 41.Kg3 Rc6 42.Kf3 Ke6 43.Kg3 Kf6
44.Kh4 Ke6 45.Ra4 Kf6 46.Rb4 Rd6 47.Rb7 a5 48.Ra7 Rd5 49.Ra6+ Kf7 50.Kg3 Rc5
51.Kf3 Rd5 52.Ke4 Rb5 53.Kf5 Rb2 54.Ra7+ Kf8 55.Kxe5 Rxf2 56.Rxa5 Rg2 57.Ra8+ Kf7
58.Ra7+ Kf8 59.Kf5 Rg1 60.a4 Rf1+ 61.Kg6 Rg1 62.Rf7+ Kg8 63.Rxg7+ Kh8 64.Kxh6 Rxg4
65.Ra7 Kg8 66.a5 Re4 67.a6 Rxe3 68.Rg7+ Kh8 69.a7 Re6+ 70.Rg6 Re8 71.Rb6  1-0

[Event "Neukoelln"]
[Site "Berlin"]
[Date "1990.??.??"]
[Round "6"]
[White "Lagunow, Alexander"]
[Black "Rigo, Janos"]
[Result "1/2-1/2"]
[WhiteElo "2400"]
[BlackElo "2385"]

1.d4 Nf6 2.Nf3 e6 3.c4 b6 4.Nc3 Bb7 5.a3 d5 6.cxd5 exd5 7.Bf4 Bd6 8.Bg3 O-O
9.e3 Ne4 10.Rc1 a6 11.Bxd6 Nxd6 12.Qb3 c6 13.Bd3 Nd7 14.O-O Re8 15.Rfd1 g6
16.Qb4 Re6 17.h3 a5 18.Qb3 b5 19.Ne2 Ne4 20.Nf4 Re8 21.a4 Qb6 22.axb5 cxb5
23.h4 Rac8 24.h5 Kg7 25.Qa2 Ndf6 26.hxg6 hxg6 27.b3 Nd6 28.Ra1 Ra8 29.Qe2 Nfe4
30.Rdc1 Rh8 31.Ne5 b4 32.Qf3 Rh7 33.Bxe4 dxe4 34.Qg4 Rah8 35.Nh3 Bc8 36.Qf4 Bxh3
37.gxh3 Rxh3 38.Rc6 Rh1+ 39.Kg2 R1h2+ 40.Kg1 Rh1+ 41.Kg2 R8h2+ 42.Kg3 Rh3+
43.Kg2  1/2-1/2

[Event "Bordeaux"]
[Site "Bordeaux"]
[Date "1990.??.??"]
[Round "4"]
[White "Garrido, D."]
[Black "Leriche, Eric"]
[Result "1/2-1/2"]
[WhiteElo "2250"]
[BlackElo "2235"]

1.Nf3 Nf6 2.c4 b6 3.d4 e6 4.Nc3 Bb7 5.a3 d5 6.cxd5 exd5 7.g3 Be7 8.Qa4+ c6
9.Bg2 O-O 10.O-O Nbd7 11.Bf4 c5 12.Rad1 a6 13.dxc5 Nxc5 14.Qc2 Qc8 15.Qb1 Re8
16.Nd4 Bf8 17.Rc1 Qd7 18.Rfd1 Rac8 19.Qa2 Nce4 20.Qb3 b5 21.Nxe4 Nxe4 22.Rxc8 Rxc8
23.Rc1 Rxc1+ 24.Bxc1 Bc5 25.Be3 h6 26.Qd1 Be7 27.Nc2 Qf5 28.Bd4 Bd6 29.Bf3 Ng5
30.Bg2 Ne4 31.Bf3 Ng5 32.Bg2  1/2-1/2

[Event "Budapest Noviki-C"]
[Site "Budapest"]
[Date "1990.??.??"]
[Round "1"]
[White "Orso, Miklos"]
[Black "Beck, Hartmuth"]
[Result "1/2-1/2"]
[WhiteElo "2390"]
[BlackElo "2265"]

1.d4 Nf6 2.Nf3 e6 3.c4 b6 4.Nc3 Bb4 5.Bg5 Bb7 6.Qc2 h6 7.Bh4 g5 8.Bg3 Ne4
9.Nd2 Bxc3 10.bxc3 f5 11.f3 Nxg3 12.hxg3 Qf6  1/2-1/2

[Event "Budapest Noviki-C"]
[Site "Budapest"]
[Date "1990.??.??"]
[Round "3"]
[White "Orso, Miklos"]
[Black "Lendwai, Reinhard"]
[Result "1/2-1/2"]
[WhiteElo "2390"]
[BlackElo "2335"]

1.d4 Nf6 2.Nf3 b6 3.c4 e6 4.Nc3 Bb4 5.Bg5 Bb7 6.Qc2 h6 7.Bh4 g5 8.Bg3 Ne4
9.e3 Bxc3+ 10.bxc3 d6 11.Bd3 Nxg3 12.fxg3 Qe7 13.O-O Nd7 14.e4 e5 15.a4 a5
16.Nd2 c5 17.d5 Kd8 18.Rf2 Kc7 19.Nf1 h5 20.Ne3 f6 21.Nf5 Qf7 22.Qd1 Ba6
23.Qf1 Rag8 24.Rb1 Rb8 25.Ne3 Qg6 26.Nc2 Qh6 27.Na3 Qg6 28.Qd1 Qh6 29.Qb3 Rhf8
30.Rbf1 Kd8 31.Be2 Qg6 32.Rf5 Ke7 33.Nc2 Kd8 34.Ne3 Kc7 35.Qb1 Rh8 36.R5f2 Rhf8
37.Nf5 Qf7 38.Rf3 Rh8 39.R1f2 Rbg8 40.Qf1 Qh7 41.Bd3 Qf7 42.Ne3 Qg6 43.Rb2 Rb8
44.g4 h4 45.Rh3 Rh7 46.Nf5 Rbh8 47.Qb1 Rb8 48.Bf1 Qf7 49.g3 hxg3 50.Rxg3 Bc8
51.Rf3 Ba6 52.Rbf2 Rf8 53.Be2 Qe8 54.Qf1 Qd8 55.Ng3 Rh4 56.Rf5 Rh6 57.Nh5 Rg6
58.R5f3 Bc8 59.Rh3 Rh8 60.Ng3 Rxh3 61.Qxh3 Nf8 62.Qh8 Qe7 63.Nf5 Bxf5 64.gxf5 Rg7
65.Rg2 Rh7 66.Qg8 Rg7 67.Qh8  1/2-1/2

[Event "Budapest Noviki-C"]
[Site "Budapest"]
[Date "1990.??.??"]
[Round "3"]
[White "Grooten, Herman"]
[Black "Levin, Felix"]
[Result "1/2-1/2"]
[WhiteElo "2365"]
[BlackElo "2375"]

1.d4 Nf6 2.Nf3 e6 3.c4 b6 4.Nc3 Bb7 5.a3 d5 6.cxd5 Nxd5 7.e3 Be7 8.Bb5+ c6
9.Bd3 O-O 10.e4 Nxc3 11.bxc3 c5 12.Qe2 Qc8 13.Bb2 Ba6 14.c4 cxd4 15.Nxd4 Nc6
16.Nb5 e5 17.O-O Bc5 18.Rad1 Rd8 19.Qh5 f6 20.Be2 Nd4 21.Bg4 Qc6 22.a4 Bc8
23.Nc3 Bxg4 24.Qxg4 Kh8 25.Kh1 Qe6 26.Qh4 Qxc4 27.Nd5 Nf5 28.Qh5 Qxe4 29.Rfe1 Qc2
30.Bc1 Ne7 31.Nc7 Rac8 32.Rxd8+ Rxd8 33.Ne6 Qxf2 34.Rd1 Rxd1+ 35.Qxd1 Bd4
36.Ba3 Nf5 37.Qc1 h5 38.Bf8 Be3 39.Qd1 g6 40.Bb4 Bd4 41.Qc1 Bc5 42.Nxc5 Nh4
43.Qh6+ Kg8 44.Qf8+ Kxf8 45.Ne4+ Qc5 46.Nxc5 bxc5 47.Bxc5+ Ke8 48.Bxa7 Nf5
49.Kg1 Nd6 50.Kf2 Nc4 51.Kf3 f5 52.h3 Kd7 53.g4 hxg4+ 54.hxg4 Kc6 55.gxf5 gxf5
56.Bb8 Kd5 57.Bc7 Nd2+ 58.Kg3 f4+ 59.Kf2 Ne4+ 60.Kf3 Nc5 61.a5 e4+ 62.Ke2 Ne6
63.Bb8 Nd4+ 64.Kf1 f3 65.Kf2 Nc2 66.Bf4 Nb4 67.Be3 Kc6 68.Bd2 Nd5 69.Be1 Kb5
70.Bd2 Kc5 71.Be1 Kb5 72.Bd2 Ne7 73.Be1 Nf5 74.Bc3 Ne7 75.Be1 Nf5 76.Bc3 Kc6
77.Be1 Kc5 78.Bc3 Nd6 79.Be1 Nc4 80.Kg3  1/2-1/2

[Event "Budapest Noviki-C"]
[Site "Budapest"]
[Date "1990.??.??"]
[Round "5"]
[White "Orso, Miklos"]
[Black "Casagrande, Harald"]
[Result "1-0"]
[WhiteElo "2390"]
[BlackElo "2390"]

1.d4 Nf6 2.Nf3 e6 3.c4 b6 4.Nc3 Bb7 5.a3 d5 6.cxd5 exd5 7.Bf4 Be7 8.Qa4+ c6
9.e3 O-O 10.Bd3 Nbd7 11.O-O c5 12.Qc2 Rc8 13.Ne5 g6 14.Bh6 Re8 15.f4 c4 16.Be2 Bf8
17.Bg5 Kg7 18.Bg4 Be7 19.Bxf6+ Nxf6 20.Bxc8 Bxc8 21.b3 Bf5 22.Qd1 b5 23.g4 Ne4
24.Nxb5 a6 25.Na7 Bd7 26.Nac6 Bxc6 27.Nxc6 Qc8 28.Nxe7 Rxe7 29.bxc4 Nc3 30.Qf3 Qxc4
31.f5 Re4 32.fxg6  1-0

[Event "Budapest Noviki-C"]
[Site "Budapest"]
[Date "1990.??.??"]
[Round "6"]
[White "Grooten, Herman"]
[Black "Lendwai, Reinhard"]
[Result "1/2-1/2"]
[WhiteElo "2365"]
[BlackElo "2335"]

1.d4 Nf6 2.Nf3 b6 3.c4 e6 4.Nc3 Bb4 5.Bg5 h6 6.Bh4 Bxc3+ 7.bxc3 d6 8.Nd2 g5
9.Bg3 Nbd7 10.e4 Bb7 11.Bd3 e5 12.h4 Rg8 13.hxg5 hxg5 14.a4 Qe7 15.f3 a5
16.Nf1 O-O-O 17.Ne3 Rh8 18.Nf5 Qe6 19.Kd2 Nh5 20.Bf2 Nf4 21.Rxh8 Rxh8 22.Bf1 g4
23.Kc1 gxf3 24.gxf3 Qf6 25.Ra2 Rh1 26.Be3 Qg5 27.c5 dxc5 28.dxe5 Nxe5 29.Rd2 Kb8
30.Kb2 Ka7 31.Kb3 Bc6 32.Rf2 c4+ 33.Ka3 Ned3 34.Qd2 Qf6 35.Bxf4 Nxf4 36.Bxc4 Ne6
37.Bb5 Bxb5 38.axb5 Kb7 39.Nd4 Nc5 40.Nc6 Qd6 41.Nd8+ Kb8 42.Qxd6 cxd6 43.Nxf7 Kc7
44.Rd2 Rf1 45.e5 dxe5 46.Nxe5 Rb1 47.c4 Rb3+ 48.Ka2 Re3 49.f4 Re4 50.Rf2 Ne6
51.Ng6 Rxc4 52.f5 Nd8 53.f6 Ra4+ 54.Kb3 Rb4+ 55.Kc3 Rxb5 56.f7 Nxf7 57.Rxf7+ Kb8
58.Kd4 Rc5 59.Ne5 Rc7 60.Nd7+ Kc8 61.Nxb6+ Kb7 62.Rf6 Rc6  1/2-1/2

[Event "Utasellato IM-A"]
[Site "Budapest"]
[Date "1990.??.??"]
[Round "9"]
[White "Stajcic, Nikola"]
[Black "Orso, Miklos"]
[Result "1/2-1/2"]
[WhiteElo "2290"]
[BlackElo "2390"]

1.d4 Nf6 2.Nf3 e6 3.c4 b6 4.Nc3 Bb7 5.Bg5 h6 6.Bh4 g5 7.Bg3 Ne4 8.Qc2 Bb4
9.e3 d6 10.Bd3 Bxc3+ 11.bxc3 f5 12.d5 Nd7 13.Bxe4 fxe4 14.Qxe4 Qf6 15.Qxe6+ Qxe6
16.dxe6 Nc5 17.O-O Bxf3 18.gxf3 Nxe6 19.Rad1 O-O 20.Kg2 Rf5 21.Rd5 Raf8 22.Rh1 Rxf3
23.h4 Kg7 24.hxg5 hxg5 25.c5 bxc5 26.Rb1 Kg6 27.Rb7 a5 28.Ra7 R3f7 29.Rxa5 Rb8
30.Rd2 Rb1 31.f3 Rc1 32.Ra8 Rxc3 33.Bf2 c4 34.a4 Rf5 35.Ra2 Rf8 36.Rxf8 Nxf8
37.a5 Nd7 38.e4 Rb3 39.a6 Rb8 40.a7 Ra8 41.Rb2 c5 42.Rb7 Ne5 43.Be1 Kf6 44.Bc3 Ke6
45.Rc7 Nd7 46.Rb7 d5 47.exd5+ Kd6 48.Kg3 Ne5 49.f4 gxf4+ 50.Kxf4 Nd3+ 51.Ke4 Nf2+
52.Ke3 Nd1+ 53.Kd2 Nxc3 54.Kxc3 Kxd5 55.Rh7 Kc6  1/2-1/2